000 00372 a2200169 4500
001 157405
020 _a978-85-378-1799-5
040 _cEscola São Tomás de Aquino
100 _aTRAVERS, Pamela Lyndon
240 1 0 _aMary Poppins
_l
245 1 0 _aMary Poppins
300 _a194
362 0 _a2018
440 1 _aZahar
697 _a*LITERATURA JUVENIL
942 _cBK
999 _c157405
_d157405